Colloquium Magistri Cum Discipulo Super Systemate Praedestinationis Divinae Altero Thomistico, Altero Scholae Societatis Jesu

Bibliographic Details
Main Author: Szdellar, Franciscus, 1685-1745 (Author)
Corporate Author: Akademická tlačiareň (Trnava, Slovensko) (Printer)
Format: Book
Language:Latin
PhysicalDescription:35 s. 16 cm
Published: Tyrnaviae Typis Academicis Societatis Jesu Anno 1727
Subjects:

MARC

LEADER 00000cam a2200000 a 4500
001 vtls001306865
003 SK-MaSNL
005 20260301155727.0
008 971021s1727 xo 0 lat
015 |a SNBHFA 
035 |a SNK000259129 
040 |a SNK  |b slo  |c SNK  |e AACR2 
041 0 |a lat 
044 |a xo  |c SK 
072 7 |a 2-1  |x Prirodzená teológia. Náboženská filozofia  |2 konspekt 
080 |a 2-1  |2 2011 
080 |a (049.2)  |2 2011 
100 1 |a Szdellar, Franciscus,  |d 1685-1745  |4 aut  |9 63969 
245 1 0 |a Colloquium Magistri Cum Discipulo  |b Super Systemate Praedestinationis Divinae Altero Thomistico, Altero Scholae Societatis Jesu 
260 |a Tyrnaviae  |b Typis Academicis Societatis Jesu  |c Anno 1727 
300 |a 35 s.  |c 16 cm 
500 |a Titulná strana s vinetou. Ozdobná linka. Ozdobná iniciála. Vineta. Zložky. Kustody 
501 |a Prív. 1. k: SPRENG, Johann Jacob. Theologia Patrum Vindicata. Tyrnaviae : Typis Academicis, 1727.  |5 SNK SD 10973/prív.1 
504 |a Poznámky pod textom 
508 |a Autor podľa Petrika 
510 4 |a Petrik  |c V/488 
650 0 7 |a teológia  |2 SNKPH  |9 1814 
655 7 |a polemiky  |2 SNKPH  |9 22317 
710 2 |a Akademická tlačiareň (Trnava, Slovensko)  |4 prt  |9 232890 
752 |a Slovensko  |d Trnava 
852 |a snk  |p SD 10973/prív.1 
958 |a DD 
958 |a ONDV 
999 |c 802417  |d 804347 
952 |a SNK  |b SNK  |y PREZ  |7 0  |p 17A1485433  |o snkSD 10973/prív.1  |i snkKSF 225/56  |8 5  |0 0  |1 0  |4 0  |d 2022-06-22  |l 0  |r 2025-11-25 00:00:00  |w 2026-02-24